000 00392nam a2200169Ia 4500
005 20250423095840.0
008 250422s9999 xx 000 0 und d
020 _a9780660011
050 _aLC 189 .V57/
100 _aVirginia, Ajuzie Maria
245 0 _aIntroduction to sociology of education
260 _aLagos
260 _bDMMM
260 _c2005
300 _a171 p
942 _cBK
999 _c31518
_d31518